[Event "Fredericia-ch B"]
[Site "Fredericia"]
[Date "2012.10.01"]
[Round "5"]
[White "Petersen, Lars Uffe"]
[Black "Larsen, Peter Bogh"]
[Result "1-0"]
[WhiteElo "1732"]
[BlackElo "1712"]
[PlyCount "63"]
[EventDate "2012.09.03"]
[EventType "tourn"]
[EventRounds "5"]
[EventCountry "DEN"]
[SourceTitle "EXT 2023"]
[Source "ChessBase"]
[SourceDate "2022.10.05"]
[SourceVersion "1"]
[SourceVersionDate "2022.10.05"]
[SourceQuality "1"]

1. e4 d5 2. exd5 Nf6 3. Bb5+ Bd7 4. Bc4 b5 5. Be2 c6 6. dxc6 Bxc6 7. Nf3 g6 8. d4 Nbd7 9. 0-0 Nb6 10. Ne5 Bd7 11. c3 a6 12. Bg5 Bg7 13. Nxd7 Nfxd7 14. Bf3 Ra7 15. Re1 Nf6 16. Bc6+ Nbd7 17. a4 b4 18. cxb4 Qb6 19. b5 axb5 20. Bxb5 e6 21. d5 0-0 22. dxe6 fxe6 23. Be3 Qxb5 24. axb5 Rxa1 25. Qb3 Nd5 26. Bd2 Bd4 27. Be3 Nc5 28. Qc2 Nb4 29. Qe2 Rd8 30. Bxd4 Rxd4 31. Nc3 Ra8 32. Rd1 1-0